| 000 | 00677nam a22001577a 4500 | ||
|---|---|---|---|
| 003 | OSt | ||
| 005 | 20151106092852.0 | ||
| 008 | 151106b xxu||||| |||| 00| 0 eng d | ||
| 040 | _c`RUA | ||
| 082 | _aFOR AN 2002 B128 Or.1 | ||
| 100 |
_93431 _aAN, PUTHEARA. |
||
| 245 | _aStrategic plan of mangrove resources mangement in preah sihanouk""ream"nationl park (ផែនការយុទ្ធសាស្រ្តនៃការគ្រប់គ្រងធនធានព្រៃកោងកាងនៅក្នុងឧទ្យានជាតិព្រះសីហនុ "រាម") | ||
| 260 |
_aPhnom Penh _bRUA _c2002 |
||
| 300 |
_a56p. _bill. _c29cm. |
||
| 942 |
_2ddc _cFOR |
||
| 999 |
_c3201 _d3201 |
||